The myth of community : (Record no. 13728)

000 -LEADER
fixed length control field 00579cam a2200205Ia 4500
020 ## - INTERNATIONAL STANDARD BOOK NUMBER
ISBN 1853394211
040 ## - CATALOGING SOURCE
Transcribing agency UKM
082 ## - DEWEY DECIMAL CLASSIFICATION NUMBER
Classification number 338 INT 1998 A010 Or.
245 04 - TITLE STATEMENT
Title The myth of community :
Remainder of title gender issues in participatory development /
260 ## - PUBLICATION, DISTRIBUTION, ETC. (IMPRINT)
Place of publication London :
Name of publisher Intermediate Technology Publications,
Year of publication c1998
300 ## - PHYSICAL DESCRIPTION
Number of Pages xx, 282 p. :
Other physical details ill. ;
Dimensions 23 cm
650 #0 - SUBJECT ADDED ENTRY--TOPICAL TERM
Topical Term Women in development
650 #0 - SUBJECT ADDED ENTRY--TOPICAL TERM
Topical Term Economic development
650 #0 - SUBJECT ADDED ENTRY--TOPICAL TERM
Topical Term Community development
650 #0 - SUBJECT ADDED ENTRY--TOPICAL TERM
Topical Term Women
650 #0 - SUBJECT ADDED ENTRY--TOPICAL TERM
Topical Term Women
700 1# - ADDED ENTRY--PERSONAL NAME
Personal name Guijt, Irene
700 1# - ADDED ENTRY--PERSONAL NAME
Personal name Shah, Meera Kaul
942 ## - ADDED ENTRY ELEMENTS (KOHA)
Koha item type សៀវភៅភាសាអង់គ្លេស
952 ## - LOCATION AND ITEM INFORMATION (KOHA)
Withdrawn status [LOCAL, KOHA] 0
Holdings
Permanent Location Date acquired Koha item type Lost status Shelving location Barcode Current Location Full call number
Library Block A2017-08-30សៀវភៅភាសាអង់គ្លេស A010A18607Library Block A338 INT 1998 A010 Or.
មជ្ឈមណ្ឌលឯការនៃសាកលវិទ្យាល័យភូមិន្ទកសិកម្មចំការដូង

Powered by Koha